000 00645nam a2200193 a 4500
005 20140412111234.0
008 001207s19uu xx 00 eng d
020 _a0-394-80623-9
050 _aTR(PS E
_bNo84 1970
100 _aPerkins, Al
245 _aNose book (The)/
_cby Al Perkins ; illustrated by Roy McKie.
260 _aNew York :
_bRandom House,
_c1970.
300 _a1 v. (unp.) ; ill.
440 _aA Bright and Early Books for Beginning Beginners
520 _aNoses are interesting and serve many purposes including the one of holding up glasses.
650 _aStories in rhyme
650 _aNose--Fiction
999 _c102317
_d102317